000 01170nam a2200301 a 4500
003 DO-SdBNP
005 20250623120209.0
007 ta
008 220613e2018 dr ao||gr|||| 001 0dspa d
020 _a9789945910162
040 _aDO-SdBNP
_bspa
_cBNPHU
082 4 _222
_bG463s
100 1 _924925
_aGil, Orlando,
_d1949-
245 1 0 _aSin escudo ni armadura. /
_cOrlando Gil; Editor, Juan Francisco Domínguez Novas.
260 _aSanto Domingo :
_bArchivo General de la Nación,
_c2018
300 _a511 p. :
_bil. fotgraf. ;
_c27 cm.
490 _aArchivo General de la Nación;
_v332
500 _aIncluye datos biográficos del autor en las solapas de las cubiertas.
500 _aFotografía de los principales políticos nacionales en 1998.
590 _aInventariado 2022 / MF
651 4 _9405
_aRepública Dominicana
_xVida social y costumbres
651 4 _978389
_aRepública Dominicana
_xCondiciones sociales
700 1 _973382
_aDomínguez Novas, Juan Francisco
710 1 _975431
_aRefinería Dominicana de Petróleo (República Dominicana)
830 _aArchivo General de la Nación
_lspa
_n332
_981857
910 _aMFeliz
942 _2ddc
_cLBS1
999 _c52033
_d52033